Σχεδίαση και υλοποίηση εφαρμογής παραγγελιοληψίας για καταστήματα εστίασης : e-coffee : πτυχιακή εργασία
Η παρούσα διπλωματική εργασία έχει ως στόχο την υλοποίηση μιας κινητής διαδικτυακής εφαρμογής παραγγελιών σε περιβάλλον Android. Η εφαρμογή ονομάζεται "e-coffee".Αρχικά γίνεται μια ιστορική αναδρομή για τις εκδόσεις και τις δυνατότητες του λειτουργικού συστήματος Android. Στη συνέχεια γίνε...
Αποθηκεύτηκε σε:
| Κύριος συγγραφέας: | |
|---|---|
| Συγγραφή απο Οργανισμό/Αρχή: | |
| Μορφή: | Thesis Βιβλίο |
| Γλώσσα: | Greek |
| Δημοσίευση: |
2014.
|
| Θέματα: | |
| Διαθέσιμο Online: | http://hdl.handle.net/11610/8815 |
| Ετικέτες: |
Προσθήκη ετικέτας
Δεν υπάρχουν, Καταχωρήστε ετικέτα πρώτοι!
|
MARC
| LEADER | 00000cam a2200000 a 4500 | ||
|---|---|---|---|
| 001 | 1/108215 | ||
| 008 | 150828s2014####gr | ||| |||| ||gre|| | ||
| 040 | |a GR-MyUa |b gre |c GR-MyUa |e AACR2 | ||
| 041 | 0 | |a gre | |
| 082 | 7 | |a 005.3 |2 (23) | |
| 100 | 1 | |a Καμπάκος, Ανδρέας. | |
| 245 | 1 | 0 | |a Σχεδίαση και υλοποίηση εφαρμογής παραγγελιοληψίας για καταστήματα εστίασης : |b e-coffee : πτυχιακή εργασία / |c Ανδρέας Καμπάκος ; επιβλέπων καθηγητής Δημήτριος Δρόσος. |
| 260 | |c 2014. | ||
| 300 | |a 109 φύλλα : |b εικ. ; |c 30 εκ. | ||
| 502 | |a Πτυχιακή εργασία - Πανεπιστήμιο Αιγαίου, Σάμος, 2014. | ||
| 504 | |a Βιβλιογραφία: σ. 107-109. | ||
| 506 | 1 | |a Διάθεση πλήρους κειμένου ; |d Ενδοπανεπιστημική δημοσίευση. | |
| 520 | 8 | |a Η παρούσα διπλωματική εργασία έχει ως στόχο την υλοποίηση μιας κινητής διαδικτυακής εφαρμογής παραγγελιών σε περιβάλλον Android. Η εφαρμογή ονομάζεται "e-coffee".Αρχικά γίνεται μια ιστορική αναδρομή για τις εκδόσεις και τις δυνατότητες του λειτουργικού συστήματος Android. Στη συνέχεια γίνεται μια αναφορά στις κινητές συσκευές και τα λειτουργικά συστήματα που είναι διαθέσιμα.Έπειτα γίνεται αναφορά στον όρο Ηλεκτρονικό εμπόριο και τα είδη του, και κυρίως στην εμφάνιση και την εξέλιξη του Κινητού Ηλεκτρονικού εμπορίου (m-commerce).Εν συνεχεία, αναφέρονται οι τεχνολογίες που χρησιμοποιήθηκαν για την υλοποίηση της εφαρμογής και γίνεται μια αναφορά στα προβλήματα τα οποία καλείται να λύσει η εφαρμογή "e-coffee".Τέλος παρουσιάζεται και αναλύεται η εφαρμογή "e-coffee" με την αναφορά σεναρίων χρήσης. | |
| 520 | 8 | |a The present thesis aims to implement an ordering mobile application in Android environment. The application is called "e-coffee".At first, there is a chronological overview of the versions and features of the Android operating system. Additionally, a brief reference to mobile devices and available operating systems takes place. Subsequently, the term e-business, their types, and especially the emergence and development of mobile commerce (m-commerce).Then, the technologies used to implement the application are mentioned and also, there is a reference to the problems "e-coffee" application is requested to solve.Finally, the "e-coffee" application is presented and analyzed with reference of use case scenarios. | |
| 540 | |a Κλειδωμένη η δυνατότητα αντιγραφής (copy) του κειμένου. | ||
| 630 | 0 | 0 | |a Android (Electronic resource) |
| 650 | 0 | |a Mobile communication systems. | |
| 650 | 0 | |a Mobile commerce. | |
| 650 | 0 | |a Dissertations, Academic |z Greece. | |
| 700 | 1 | |a Δρόσος, Δημήτριος, |e dgs | |
| 710 | 2 | |a Πανεπιστήμιο Αιγαίου. |b Σχολή Θετικών Επιστημών. |b Τμήμα Μηχανικών Πληροφοριακών και Επικοινωνιακών Συστημάτων. | |
| 852 | |a INST |b SAMOS |c DIATR |e 20150828 |h 005.3 ΚΑΜ |p 005300042583 |q 005300042583 |t DIE |y 23 | ||
| 852 | |a INST |b SAMOS |c DIATR |e 20150828 |h 005.3 ΚΑΜ |p 005300042584 |q 005300042584 |t DIE |y 23 | ||
| 856 | |u http://hdl.handle.net/11610/8815 | ||
| 924 | |a Καμπάκος |b Ανδρέας |y Σάμος |z 2014-10 | ||
| 970 | |a Κοσιέρης |b Χρήστος |z 28-08-2015 | ||